Building Democratic Institutions : Party Systems in Latin America /
Libro que aborda la democratización en Latinoamérica durante la década de los 80 hasta 1992. En la que países como Costa Rica, Venezuela y Colombia, conservaron varias décadas de interrumpida competencia política, otros como, Uruguay y Chile que encarnaron sistemas de elecciones abiertas. Y países c...
Uloženo v:
| Hlavní autor: | |
|---|---|
| Další autoři: | |
| Médium: | Kniha |
| Jazyk: | angličtina |
| Vydáno: |
Stanford, EUA :
Stanford University,
1995, c1995
|
| Témata: | |
| Tagy: |
MARC
| LEADER | 00000nam^a2200000^a^4500 | ||
|---|---|---|---|
| 001 | 000159578 | ||
| 005 | 20250521000000.0 | ||
| 009 | 20260310100652.423 | ||
| 020 | |a 0-8047-2305-2 | ||
| 037 | |a Acervo ITESO - Biblioteca | ||
| 041 | |a ING | ||
| 082 | |a 324. 20980038 |b MAI | ||
| 100 | |a Mainwaring, Scott |e (ed.) | ||
| 245 | 1 | 0 | |a Building Democratic Institutions : |b Party Systems in Latin America / |c Ed. de S. Mainwaring, T.R. Scully. |
| 264 | 4 | |a Stanford, EUA : |b Stanford University, |c 1995, c1995 | |
| 300 | |a XIX, 578 p. | ||
| 336 | |a texto |b txt |2 rdacontenido | ||
| 337 | |a sin mediación |b n |2 rdamedio | ||
| 338 | |a volumen |b nc |2 rdasoporte | ||
| 520 | |a Libro que aborda la democratización en Latinoamérica durante la década de los 80 hasta 1992. En la que países como Costa Rica, Venezuela y Colombia, conservaron varias décadas de interrumpida competencia política, otros como, Uruguay y Chile que encarnaron sistemas de elecciones abiertas. Y países como Argentina, Bolivia, Brasil, Ecuador, México, Paraguay y Perú se produjo una apertura política y cambios substanciales en los partidos hegemónicos. El método para los estudios de caso, se hace usando cinco temas analíticos: El origen de la competencia política, la relativa fuerza de los partidos y sus protagonistas políticos, la mejoría en la relación entre los partidos políticos y el gobierno, la importancia de diferentes regimenes de partidos en la competencia política y la naturaleza básica del sistema de partido en cada país. | ||
| 649 | |a XX | ||
| 650 | |a Partidos Políticos - |z Latinoamérica | ||
| 650 | |a Elecciones - |z Latinoamérica | ||
| 650 | |a Comportamiento Electoral - |z Latinoamérica | ||
| 650 | |a Proceso Político - |z Latinoamérica | ||
| 650 | |a Sistema Electoral - |z Latinoamérica | ||
| 650 | |a Cambios Políticos - |z Latinoamérica | ||
| 650 | |a Democratización - |z Latinoamérica | ||
| 650 | |a Transición Política - |z Latinoamérica - |x Historia - |y 1980-1989 | ||
| 650 | |a Cambios Políticos - |z Latinoamérica | ||
| 650 | |a Política - |z Latinoamérica - |x Historia - |y 1980-1989 | ||
| 650 | |a Latinoamérica - |x Condiciones Políticas | ||
| 700 | |a Scully, Timothy R. |e (edición) | ||
| 910 | |a Fondo General | ||
| 920 | |a Impresos - Libros | ||
| 930 | |a Colección General | ||
| 905 | |a 101 | ||
| 901 | |a 0500091252 |b IT1 |c ACC |u 20250521 | ||
| 901 | |a 0500091253 |b IT1 |c ACC |u 20250521 | ||
| 902 | |a https://opac.biblio.iteso.mx/vufind/Record/000159578 | ||